Watches : (Record no. 3695)
[ view plain ]
| 000 -LEADER | |
|---|---|
| fixed length control field | nam a22 7a 4500 |
| 005 - DATE AND TIME OF LATEST TRANSACTION | |
| control field | 20170523152848.0 |
| 008 - FIXED-LENGTH DATA ELEMENTS--GENERAL INFORMATION | |
| fixed length control field | 170523b1999 enk||||| |||| 00| 0 eng d |
| 020 ## - INTERNATIONAL STANDARD BOOK NUMBER | |
| International Standard Book Number | 1840000635 |
| 040 ## - CATALOGING SOURCE | |
| Original cataloging agency | AKMAL |
| 082 ## - DEWEY DECIMAL CLASSIFICATION NUMBER | |
| Classification number | 681.114 FRA |
| 090 ## - LOCALLY ASSIGNED LC-TYPE CALL NUMBER (OCLC); LOCAL CALL NUMBER (RLIN) | |
| Classification number (OCLC) (R) ; Classification number, CALL (RLIN) (NR) | 681.114 |
| Local cutter number (OCLC) ; Book number/undivided call number, CALL (RLIN) | FRA |
| 100 1# - MAIN ENTRY--PERSONAL NAME | |
| Personal name | Leibe, Frankie. |
| 9 (RLIN) | 7309 |
| 245 10 - TITLE STATEMENT | |
| Title | Watches : |
| Remainder of title | a collector's guide / |
| Statement of responsibility, etc. | Frankie Leibe ; special consultant: Johnny Wachsmann. |
| 246 3# - VARYING FORM OF TITLE | |
| Title proper/short title | Miller's watches |
| 260 ## - PUBLICATION, DISTRIBUTION, ETC. | |
| Place of publication, distribution, etc. | London : |
| Name of publisher, distributor, etc. | Miller's, |
| Date of publication, distribution, etc. | 1999 |
| 300 ## - PHYSICAL DESCRIPTION | |
| Extent | 64 p. : |
| Other physical details | ill. (chiefly col.) ; |
| Dimensions | 21 cm |
| 500 ## - GENERAL NOTE | |
| General note | Distinctive title: Miller's watches |
| 504 ## - BIBLIOGRAPHY, ETC. NOTE | |
| Bibliography, etc. note | ncludes bibliography and index. |
| 650 #0 - SUBJECT ADDED ENTRY--TOPICAL TERM | |
| Topical term or geographic name entry element | Clocks and watches |
| General subdivision | Collectors and collecting. |
| 9 (RLIN) | 7310 |
| 700 1# - ADDED ENTRY--PERSONAL NAME | |
| Personal name | Wachsmann, Johnny. |
| 9 (RLIN) | 7311 |
| 942 ## - ADDED ENTRY ELEMENTS (KOHA) | |
| Source of classification or shelving scheme | |
| Koha item type | Book |
| Withdrawn status | Lost status | Source of classification or shelving scheme | Damaged status | Not for loan | Collection code | Home library | Current library | Shelving location | Date acquired | Inventory number | Total Checkouts | Full call number | Barcode | Date last seen | Price effective from | Koha item type |
|---|---|---|---|---|---|---|---|---|---|---|---|---|---|---|---|---|
| NON-FICTION | AKMAL Melaka | AKMAL Melaka | PINJAMAN | 23.05.2017 | 601994 | 681.114 FRA | 201704719 | 23.05.2017 | 23.05.2017 | Book |
